Giovan Battista della Porta, Teatro, tragédies (vol. 1) et comédies (vol. 2 et 3), Raffaele Sirri (dir.), Edizioni scientifiche italiane, Edizione nazionale delle opere di Giovan Battista Della Porta, 2002, 3 vol. de 17 × 24 cm de XXVI-446, 576 et 528 p. (notice n° 1599953)
[ vue normale ]
| 000 -LEADER | |
|---|---|
| fixed length control field | 00704cam a2200145 4500500 |
| 005 - DATE AND TIME OF LATEST TRANSACTION | |
| control field | 20251228082843.0 |
| 041 ## - LANGUAGE CODE | |
| Language code of text/sound track or separate title | fre |
| 042 ## - AUTHENTICATION CODE | |
| Authentication code | dc |
| 100 10 - MAIN ENTRY--PERSONAL NAME | |
| Personal name | Decroisette, Françoise |
| Relator term | author |
| 245 00 - TITLE STATEMENT | |
| Title | Giovan Battista della Porta, Teatro, tragédies (vol. 1) et comédies (vol. 2 et 3), Raffaele Sirri (dir.), Edizioni scientifiche italiane, Edizione nazionale delle opere di Giovan Battista Della Porta, 2002, 3 vol. de 17 × 24 cm de XXVI-446, 576 et 528 p. |
| 260 ## - PUBLICATION, DISTRIBUTION, ETC. | |
| Date of publication, distribution, etc. | 2004.<br/> |
| 500 ## - GENERAL NOTE | |
| General note | 92 |
| 786 0# - DATA SOURCE ENTRY | |
| Note | Dix-septième siècle | 224 | 3 | 2004-09-01 | p. 505k-539k | 0012-4273 |
| 856 41 - ELECTRONIC LOCATION AND ACCESS | |
| Uniform Resource Identifier | <a href="https://shs.cairn.info/revue-dix-septieme-siecle-2004-3-page-505k?lang=fr&redirect-ssocas=7080">https://shs.cairn.info/revue-dix-septieme-siecle-2004-3-page-505k?lang=fr&redirect-ssocas=7080</a> |
Pas d'exemplaire disponible.




Réseaux sociaux